<?xml version="1.0" encoding="UTF-8"?>
<record
    xmlns:xsi="http://www.w3.org/2001/XMLSchema-instance"
    xsi:schemaLocation="http://www.loc.gov/MARC21/slim http://www.loc.gov/standards/marcxml/schema/MARC21slim.xsd"
    xmlns="http://www.loc.gov/MARC21/slim">

  <leader>00723nam a2200253Ia 4500</leader>
  <controlfield tag="001">8</controlfield>
  <controlfield tag="003">DO-SdBJH</controlfield>
  <controlfield tag="005">20180120165229.0</controlfield>
  <controlfield tag="008">180110s9999    dr            000 0 spa d</controlfield>
  <datafield tag="020" ind1=" " ind2=" ">
    <subfield code="a">99934-885-2-6</subfield>
  </datafield>
  <datafield tag="040" ind1=" " ind2=" ">
    <subfield code="a">DO-SdBJH</subfield>
    <subfield code="b">spa</subfield>
    <subfield code="c">DO-SdBJH</subfield>
  </datafield>
  <datafield tag="041" ind1=" " ind2=" ">
    <subfield code="b">spa</subfield>
  </datafield>
  <datafield tag="082" ind1=" " ind2=" ">
    <subfield code="a">RD863.42 F363ov 2000</subfield>
  </datafield>
  <datafield tag="100" ind1="1" ind2=" ">
    <subfield code="a">Fern&#xE1;ndez Sim&#xF3;, Alfredo</subfield>
  </datafield>
  <datafield tag="245" ind1="1" ind2="0">
    <subfield code="a">Obras completas / Alfredo Fern&#xE1;ndez Sim&#xF3;</subfield>
  </datafield>
  <datafield tag="490" ind1="0" ind2=" ">
    <subfield code="a">Colecci&#xF3;n Bibli&#xF3;filos ; 6</subfield>
  </datafield>
  <datafield tag="260" ind1=" " ind2=" ">
    <subfield code="a">Santo Domingo : Sociedad Dominicana de Bibli&#xF3;filos, 2000</subfield>
  </datafield>
  <datafield tag="300" ind1=" " ind2=" ">
    <subfield code="a">567 p&#xE1;ginas</subfield>
  </datafield>
  <datafield tag="650" ind1="4" ind2=" ">
    <subfield code="a">Literatura dominicana</subfield>
  </datafield>
  <datafield tag="650" ind1="4" ind2=" ">
    <subfield code="a">Novela dominicana</subfield>
  </datafield>
  <datafield tag="942" ind1=" " ind2=" ">
    <subfield code="2">ddc</subfield>
    <subfield code="c">BK</subfield>
  </datafield>
  <datafield tag="999" ind1=" " ind2=" ">
    <subfield code="c">1900</subfield>
    <subfield code="d">1900</subfield>
  </datafield>
  <datafield tag="952" ind1=" " ind2=" ">
    <subfield code="0">0</subfield>
    <subfield code="1">0</subfield>
    <subfield code="2">ddc</subfield>
    <subfield code="4">0</subfield>
    <subfield code="7">0</subfield>
    <subfield code="8">RD</subfield>
    <subfield code="a">BJPS</subfield>
    <subfield code="b">BJPS</subfield>
    <subfield code="c">GEN</subfield>
    <subfield code="d">2018-01-18</subfield>
    <subfield code="i">17-EARD-00008</subfield>
    <subfield code="l">0</subfield>
    <subfield code="o">RD863.42 F363ov 2000</subfield>
    <subfield code="p">17-EARD-00008</subfield>
    <subfield code="r">2018-01-20 00:00:00</subfield>
    <subfield code="t">Ej.1</subfield>
    <subfield code="w">2018-01-18</subfield>
    <subfield code="y">BK</subfield>
  </datafield>
  <datafield tag="952" ind1=" " ind2=" ">
    <subfield code="0">0</subfield>
    <subfield code="1">0</subfield>
    <subfield code="2">ddc</subfield>
    <subfield code="4">0</subfield>
    <subfield code="7">0</subfield>
    <subfield code="8">RD</subfield>
    <subfield code="a">BJPS</subfield>
    <subfield code="b">BJPS</subfield>
    <subfield code="c">GEN</subfield>
    <subfield code="d">2018-01-18</subfield>
    <subfield code="i">17-EARD-00011</subfield>
    <subfield code="l">0</subfield>
    <subfield code="o">RD863.42 F363ov 2000</subfield>
    <subfield code="p">17-EARD-00011</subfield>
    <subfield code="r">2018-01-20 00:00:00</subfield>
    <subfield code="t">Ej.2</subfield>
    <subfield code="w">2018-01-18</subfield>
    <subfield code="y">BK</subfield>
  </datafield>
</record>
